000 00608nam a2200229Ia 4500
003 OSt
005 20221006164923.0
006 a|||||r|||| 00| 0
007 ta
008 221006b |||||||| |||| 00| 0 eng d
024 _a1,703
037 _cTextual
040 _aFML
_cFML
_beng
041 _2eng
_aeng
082 _aO168,1M77, P1
100 _aMohammed Iqbal Au.
_9678670
245 0 _aPoetry of Allama Iqbal
260 _aDelhi
_bStar Publication Pvt. Ltd
_c2001
300 _a271
_ccm.
942 _hO168,1M77, P1
_cTEXL
_2CC
999 _c1118939
_d1118939